| 000 | 00942cab a2200265 4500 | ||
|---|---|---|---|
| 001 | WB3404-10 | ||
| 008 | 090401t1998 xxu||||| |||| 00| 0 eng d | ||
| 035 | _a(Sirsi) u83349 | ||
| 041 | _aeng | ||
| 245 | _aChallenge for equities | ||
| 260 | _c1998 | ||
| 350 | _a0 | ||
| 490 |
_aDaily Telegraph _v26 January 1998, 24(1) |
||
| 520 | _aCluttons Daniel Smith`s Quarterly Property market update forecasts that the return on property will outstrip gilts and possibly equities in 1998. Retail property continues to be the sector`s best performer. | ||
| 650 | _aCLUTTONS DANIEL SMITH | ||
| 650 | _aEQUITIES | ||
| 650 | _aGILTS | ||
| 650 | _aINVESTMENT MARKET | ||
| 650 | _aIPD UK ANNUAL INDEX | ||
| 650 | _aPROPERTY YIELDS | ||
| 650 | _aPROPERTY-COMMERCIAL PROPERTY-RETAIL PROPERTY-RETAIL PROPERTY MARKET | ||
| 690 | _aPROPERTY-COMMERCIAL PROPERTY-COMMERCIAL PROPERTY FINANCE AND INVESTMENT | ||
| 942 | _n0 | ||
| 948 | _c27/01/1998 | ||
| 999 |
_c52639 _d52639 |
||